00329nam a2200133Ia 4500100002300000650003000023366000700053654002000060245005000080260002300130082002200153300000800175546001200183 aRashid/Muhammad H  aMicroelectronics circuits f15 amicroelectronic aMircroelectronic circuits:Analysis and design bP.W.S pub coc1999 a621.3815/RASbRAS a990 aENGLISH